000 00928nam a22002777a 4500
001 145
003 FISKH
005 20230301094839.0
008 230301b cb ||||| |||| 00| 0 eng d
020 _a9780142402245
040 _aOCO
_cOCO
_dBAKER
_dBTCTA
_dDLC
_dFISKH
_beng
050 0 0 _aPZ7.M248
082 _a372.64
100 1 _aMcSwigan, Marie,
_d1907-1962.
245 1 0 _aSnow treasure /
_cMarie McSwigan ; illustrated by Mary Reardon.
260 _aNew York
_bPuffin
_c2005
300 _aviii, 196 p.
_bill.
_c20 cm.
505 _aM
521 8 _a690
_bLexile
521 8 _aM
_bRaz-Plus
700 1 _aReardon, Mary,
_eill.
856 4 2 _3Publisher description
_uhttp://www.loc.gov/catdir/enhancements/fy1204/2006287291-d.html
856 4 2 _3Contributor biographical information
_uhttp://www.loc.gov/catdir/enhancements/fy1602/2006287291-b.html
906 _a7
_bcbc
_corignew
_d4
_encip
_f20
_gy-gencatlg
942 _2ddc
_cBK
_n0
999 _c145
_d145